Mots croisés - Français ➔ Anglais - Statistiques

Statistiques générales
  • Ce quiz a été pris 795 fois
  • Le résultat moyen est 35 sur 49
Statistiques - réponses
Définitions Réponses % Correct
Pomme Apple
97%
Chat Cat
97%
Lait Milk
97%
Année Year
97%
Sac Bag
95%
Mardi Tuesday
95%
Acteur Actor
94%
Pluie Rain
93%
Penser Think
93%
Fenêtre Window
93%
Parce que Because
92%
Apprendre Learn
91%
Choisir Choose
90%
Arbre Tree
89%
Horloge Clock
88%
Fort Strong
88%
Papillon Butterfly
86%
Cou Neck
86%
Dauphin Dolphin
83%
Sol / Étage Floor
83%
Grenouille Frog
83%
Loin Far
81%
Montagne Mountain
80%
Journalier / Quotidien Daily
77%
Écureuil Squirrel
77%
Oxygène Oxygen
76%
Orage / Tempête Storm
76%
Jardinier Gardener
73%
Oreiller Pillow
71%
Bruyant Noisy
68%
Flics Cops
67%
Fichier File
66%
Valise Suitcase
66%
Feuille Leaf
64%
Violon Violin
62%
Sorcier Wizard
59%
Hache Axe
56%
Tapis Carpet
56%
Améliorer Improve
56%
Échelle Ladder
50%
Témoin Witness
47%
Pelle Shovel
39%
Timbre Stamp
37%
Rein Kidney
35%
Sécheresse Drought
31%
Paupières Eyelids
28%
Jeu de mots Pun
23%
Brebis Ewe
16%
Mot mystère Vocabulary
8%
Aucun quiz correspondant
Distribution des résultats
% des personnes avec chaque résultat
Percentile par nombre de réponses
Votre historique - résultats
Vous n’avez pas pris ce quiz